000 01636nam0a2200325 i 4500
001 RU\NLR\bibl\2014161
005 20240921184935.0
010 _a9785825906645
_970
021 _aRU
_b2013-16110
_91146
035 _a(NLR Aleph) 002002601
090 _a4380527
_c4380527
100 _a20130320d2012 u y0rusy50 ca
101 0 _arus
102 _aRU
105 _aa |||||||||
200 1 _aИнформационные системы в социальном менеджменте
_eучебное пособие
_fС.В. Мкртычев
_gМ-во образования и науки Рос. Федерации, Тольят. гос. ун-т, Ин-т математики, физики и информ. технологий, Каф. "Информатика и вычисл. техника"
210 _aТольятти
_cИзд-во ТГУ
_d2012
215 _a78 с.
_cил.
_d21
320 _aБиблиогр.: с. 74-75 (20 назв.)
606 1 _aМенеджмент социальный
_jУчебные издания для высших учебных заведений
_92112850
_3RU\NLR\auth\661276722
606 1 _aСоциальная сфера
_jУчебные издания для высших учебных заведений
_xИнформационные технологии
_92482096
_3RU\NLR\auth\661473352
686 _aУ27(2)2-21я73
686 _aУ27(2)2в612я73
700 1 _aМкртычев
_bС. В.
_gСергей Вазгенович
_4070
801 0 _aRU
_bNLR
_c20130320
_gRCR
801 1 _aRU
_bNLR
_c20130320
830 _aавт. по кн.
942 _cBOOK
980 _aNBR